00421nam a2200145 a 450000100100000000500170001000800410002704000250006808200150009310000300010824500430013826000400018130000280022150400260024900004143420201002034903.0131004s1989 cu a 000 0 spa d aDO-SdBNPbspacBNPHU axxxxbxxxx1 aDepestre Catony, Leonardo10aHomenaje a la música popular cubana. aSantiago de Cuba :bOriente,c1989. a107 p. :bil. ;c19 cm. aBibliografía p: 106